[Event "Vancouver Intermat"]
[Site "Vancouver"]
[Date "2016.05.14"]
[Round "2.26"]
[White "Bashkansky, Ethan"]
[Black "Rathburn, Hector"]
[Result "0-1"]
[WhiteElo "2182"]
[BlackElo "1865"]
[PlyCount "68"]
[EventDate "2016.05.14"]
[EventType "swiss"]
[EventRounds "2"]
[EventCountry "CAN"]
[SourceTitle "EXT 2022"]
[Source "ChessBase"]
[SourceDate "2021.10.06"]
[SourceVersion "1"]
[SourceVersionDate "2021.10.06"]
[SourceQuality "1"]

1. d4 d6 2. e4 g6 3. Be3 Bg7 4. c3 Nf6 5. Nd2 0-0 6. Bc4 c6 7. Ne2 Nxe4 8. Bxf7+ Rxf7 9. Nxe4 h6 10. Qc2 Nd7 11. Nf4 Nf6 12. Ng3 g5 13. Ng6 Ng4 14. 0-0-0 Qa5 15. Kb1 Be6 16. c4 Re8 17. h4 Nxe3 18. fxe3 gxh4 19. d5 hxg3 20. dxe6 Rf2 21. Qb3 Qf5+ 22. Qd3 Rxb2+ 23. Kc1 Qxd3 24. Rxd3 Rxa2 25. Rh4 Rxg2 26. e4 Bf6 27. Rg4 Bg5+ 28. Kd1 Kh7 29. Nf4 Rg1+ 30. Ke2 Rf8 31. Nh3 Rf2+ 32. Nxf2 gxf2 33. Kxf2 Rxg4 34. e5 dxe5 0-1

[Event "Britsh Columbia-ch U20"]
[Site "Vancouver"]
[Date "2012.12.01"]
[Round "1.4"]
[White "Sohal, Tanraj"]
[Black "Rathburn, Hector"]
[Result "1-0"]
[WhiteElo "2192"]
[BlackElo "1650"]
[PlyCount "77"]
[EventDate "2012.12.01"]
[EventType "swiss"]
[EventRounds "5"]
[EventCountry "CAN"]
[SourceTitle "EXT 2022"]
[Source "ChessBase"]
[SourceDate "2021.10.06"]
[SourceVersion "1"]
[SourceVersionDate "2021.10.06"]
[SourceQuality "1"]

1. d4 Nf6 2. c4 e6 3. Nf3 b6 4. g3 Ba6 5. Qc2 c5 6. Bg2 Nc6 7. dxc5 Bxc5 8. a3 Rc8 9. 0-0 Nd4 10. Nxd4 Bxd4 11. Nd2 0-0 12. Qa4 Ng4 13. Qxa6 Nxf2 14. Rxf2 Qf6 15. Nf3 Bxf2+ 16. Kxf2 e5 17. e4 Qc6 18. Qb5 Qxe4 19. Qxe5 Qxc4 20. Be3 Qc2+ 21. Nd2 Rfe8 22. Qd4 d5 23. Re1 Qf5+ 24. Qf4 Qd3 25. Bf1 Qc2 26. Qd4 Qf5+ 27. Kg2 Re5 28. Bd3 Qe6 29. Nf3 f6 30. Nxe5 fxe5 31. Qh4 e4 32. Be2 Qe5 33. Rd1 Rc2 34. Rd2 Rxd2 35. Qd8+ Kf7 36. Bxd2 d4 37. Qd7+ Kg6 38. Qc6+ Kf5 39. g4# 1-0

[Event "CAN-ch U14"]
[Site "Vancouver"]
[Date "2012.07.06"]
[Round "7"]
[White "Rathburn, Hector"]
[Black "Herdin, Matthew"]
[Result "0-1"]
[WhiteElo "1671"]
[BlackElo "1923"]
[PlyCount "80"]
[EventDate "2012.07.03"]
[EventType "swiss"]
[EventRounds "7"]
[EventCountry "CAN"]
[SourceTitle "EXT 2022"]
[Source "ChessBase"]
[SourceDate "2021.10.06"]
[SourceVersion "1"]
[SourceVersionDate "2021.10.06"]
[SourceQuality "1"]

1. d4 Nf6 2. c4 g6 3. Nc3 Bg7 4. e4 d6 5. Nf3 0-0 6. Be2 Nbd7 7. 0-0 c5 8. d5 a6 9. Bg5 b5 10. cxb5 axb5 11. Bxb5 Ba6 12. Bxa6 Rxa6 13. Nd2 Qb8 14. Qe2 Rb6 15. Nc4 Rb4 16. f3 Nb6 17. Na5 Na4 18. Nxa4 Rxa4 19. Nc6 Qb7 20. b3 Raa8 21. Rac1 e6 22. Qd2 exd5 23. exd5 Rfe8 24. Bf4 Nxd5 25. Qxd5 Rac8 26. Rfe1 Bd4+ 27. Kh1 Rxe1+ 28. Rxe1 Qxc6 29. Qxd6 Re8 30. Rc1 Qb5 31. Bg3 Qe2 32. a4 Qb2 33. Rf1 Re2 34. Bf4 Rf2 35. Re1 Qe2 36. Rg1 Rf1 37. Qb8+ Kg7 38. Be5+ Bxe5 39. Qxe5+ Qxe5 40. Rxf1 Qb2 0-1

[Event "CAN-ch U14"]
[Site "Vancouver"]
[Date "2012.07.05"]
[Round "5"]
[White "Cui, Karl"]
[Black "Rathburn, Hector"]
[Result "1-0"]
[WhiteElo "1307"]
[BlackElo "1671"]
[PlyCount "58"]
[EventDate "2012.07.03"]
[EventType "swiss"]
[EventRounds "7"]
[EventCountry "CAN"]
[SourceTitle "EXT 2022"]
[Source "ChessBase"]
[SourceDate "2021.10.06"]
[SourceVersion "1"]
[SourceVersionDate "2021.10.06"]
[SourceQuality "1"]

1. d4 Nf6 2. c4 e6 3. Nc3 Bb4 4. Bg5 h6 5. Bxf6 Qxf6 6. Nf3 c5 7. e3 Nc6 8. Qd2 0-0 9. a3 Bxc3 10. bxc3 d5 11. cxd5 exd5 12. dxc5 Bf5 13. Nd4 Rac8 14. Nxf5 Qxf5 15. Bd3 Qg4 16. 0-0 Na5 17. Be2 Qf5 18. Rab1 Rxc5 19. Rfd1 Rfc8 20. h3 R8c7 21. Bg4 Qg6 22. Qd4 Nc4 23. Rxb7 Qc6 24. Rb8+ Kh7 25. Bf5+ Qg6 26. Bxg6+ fxg6 27. e4 Nb6 28. exd5 Nxd5 29. Qxd5 Rxd5 1-0

[Event "CAN-ch U14"]
[Site "Vancouver"]
[Date "2012.07.03"]
[Round "1"]
[White "Rathburn, Hector"]
[Black "Hewson, Scott"]
[Result "1-0"]
[WhiteElo "1671"]
[BlackElo "825"]
[PlyCount "33"]
[EventDate "2012.07.03"]
[EventType "swiss"]
[EventRounds "7"]
[EventCountry "CAN"]
[SourceTitle "EXT 2022"]
[Source "ChessBase"]
[SourceDate "2021.10.06"]
[SourceVersion "1"]
[SourceVersionDate "2021.10.06"]
[SourceQuality "1"]

1. e4 e6 2. d4 d6 3. Nc3 f6 4. f4 Nh6 5. Nf3 e5 6. fxe5 dxe5 7. Bxh6 gxh6 8. Bc4 Bg4 9. d5 Bb4 10. 0-0 h5 11. h3 Bd7 12. Nxe5 Bc5+ 13. Kh1 h4 14. Qh5+ Ke7 15. d6+ Kxd6 16. Rad1+ Ke7 17. Qf7# 1-0

[Event "British Columbia-ch U20"]
[Site "New Westminster"]
[Date "2010.11.14"]
[Round "5"]
[White "Rathburn, Hector"]
[Black "Sohal, Tanraj"]
[Result "0-1"]
[WhiteElo "1627"]
[BlackElo "2153"]
[PlyCount "122"]
[EventDate "2010.11.13"]
[EventType "swiss"]
[EventRounds "5"]
[EventCountry "CAN"]
[SourceTitle "EXT 2022"]
[Source "ChessBase"]
[SourceDate "2021.10.06"]
[SourceVersion "1"]
[SourceVersionDate "2021.10.06"]
[SourceQuality "1"]

1. g3 d5 2. d4 e6 3. Bg2 c5 4. c3 cxd4 5. cxd4 Nf6 6. a3 Be7 7. Nf3 0-0 8. Bf4 Nc6 9. Nc3 Nh5 10. Bd2 Nf6 11. Bf4 Nh5 12. Be3 Nf6 13. b4 Bd7 14. Qd3 Rc8 15. 0-0 Ne8 16. Bf4 Bd6 17. Be3 Be7 18. Rfc1 Nd6 19. Nd2 Nf5 20. b5 Na5 21. Bf4 Qb6 22. e3 Bd6 23. Bh3 Bxf4 24. Bxf5 exf5 25. Nxd5 Rxc1+ 26. Rxc1 Qxb5 27. Qxb5 Bxb5 28. Nxf4 a6 29. Nf3 g6 30. Nd5 Rd8 31. Nc7 Bc6 32. Ne5 f6 33. Nxc6 Nxc6 34. Nxa6 Nxd4 35. exd4 bxa6 36. Rc6 Rxd4 37. Rxa6 Kg7 38. Kf1 Rd1+ 39. Ke2 Ra1 40. Ra7+ Kh6 41. h4 g5 42. Ra6 Kg7 43. Ra7+ Kg6 44. h5+ Kxh5 45. Rxh7+ Kg4 46. Rf7 Ra2+ 47. Ke1 Rxa3 48. Rxf6 f4 49. gxf4 gxf4 50. Rg6+ Kf3 51. Rf6 Ra1+ 52. Kd2 Rf1 53. Kd3 Rxf2 54. Rg6 Re2 55. Rh6 Re7 56. Rh3+ Kg2 57. Rh6 f3 58. Rg6+ Kf1 59. Rf6 f2 60. Kd2 Rd7+ 61. Ke3 Ke1 0-1